00593nam a2200169 a 450000100100000000500170001000800410002704000250006808200170009310000200011024500890013026000450021930000460026450000430031053400410035370000290039400002504220200930023527.0110209s1961 sp abc r 000 0 spa d aDO-SdBNPbspacBNPHU axxxxxbR988d1 aRyan, Cornelius13aEl día más largo del siglo /cCornelius Ryan ; traducción Ramón Gil Novales. aBarcelona :bGrijalbo Española,c1961. a253 p. :bil., mapas., retrs. ;c20.5 cm. aIncluye notas al pie de las páginas. aTítulo original:tThe longest day.1 aNovales, Ramon Gil,etr.